000 00290 a2200121 4500
001 146195
040 _cEscola São Tomás de Aquino
100 _aDOYLE, Arthur Conan
240 1 0 _aA vampira de Sussex
_lpor
245 1 0 _aA vampira de Sussex
697 _a*LITERATURA JUVENIL
942 _cBK
999 _c146195
_d146195